1008 1534 1576 1298 1724 1390 1976 1980 1035 1399 1646 1588 1362 1878 1975 1004 1045 1899 1294 1229 1678 1212 1436 1159 1826 1150 1125 1735 1466 1056 1175 1425 1599 1843 1520 1911 1692 1851 1315 1599 1569 1612 1487 1183 1959 1394 1300 1355 1142 1793 1270 1860 1827 1089 1721 1282 1437 1985 1240 1877 1407 1332 1089 1608 1886 1894 1104 1118 1464 1072 1897 1475 1249 1258 1628 1688 1406 1744 1708 1727 1752 1751 1375 1787 1077 1024 1214 1308 1960 1953 1702 1623 1661 1604 1718 1964 1953 1326 1583 BCNSPRNW ULIB Ver.6.0+V

เปลี่ยนเป็นภาษาไทย

Change to English
 แสดงรายละเอียดบรรณานุกรม
  กลับหน้าหลัก

Brief Record : Get Marc (ISO 2709) : E-mail record : QR code < ปิดหน้าต่าง
LEADER : 00000nam 2200000uu 4500
001    13399123390
003     ULIB
008    140910s2556||||th 000 0 tha d
020    ^a9789744226938
060 04 ^aWC528^bศ466ก
110 1  กระทรวงสาธารณสุข.^bกรมการแพทย์.^bสถาบันสุขภาพเด็กแห่งชาติมหาราชินี
245 00 ^aการวินิจฉัยและรักษาโรคไข้เลือดออกเดงกี. /^cสถาบันสุขภาพเด็กแห่งชาติมหาราชินี
250    ^aพิมพ์ครั้งที่ 2
260    ^aนนทบุรี :^bกระทรวงสาธารณสุข,^c2556
300    ^a202 หน้า ;^c15 ซม.
650  7 ^aไข้เลือดออก^xการรักษา
650  7 ^aไข้เลือดออก^xการวินิจฉัย
650  7 ^aเด็งกี^xการรักษา
650  7 ^aเด็งกี^xการวินิจฉัย
700 0  ศิริเพ็ญ กัลยาณรุจ,^eบรรณาธิการ
700 0  มุกดา หวังวีรวงค์,^eบรรณาธิการ
700 0  วารุณี วัชรเสวี,^eบรรณาธิการ
945    ^p0^l0^i20442
945    ^p0^l0^i20443
945    ^p0^l0^i20444
945    ^p0^l0^i20445
945    ^p0^l0^i20446
995    ^aทศพร
999    ^aทศพร เกษรทอง
รายการนี้ยังไม่มีแท็ก
คุณยังไม่ได้ล็อกอิน คุณสามารถมีกิจกรรมร่วมกับเว็บไซต์ได้ แต่ต้องล็อกอินก่อน ::
  ล็อกอิน

รายการสื่อสารสนเทศ

ลำดับที่ ประเภท เลขเรียก/บาร์โค้ด สถานที่ สถานะ
1. วิทยาศาสตร์การแพทย์ และสุขภาพ
หนังสือสำรอง
สถานะ=หนังสือสำรอง
WC528 ศ466ก ฉ.1 
  Barcode: 20442
ห้องสมุดวิทยาเขตนครสวรรค์
►หนังสือทั่วไป:l:General Books
บนชั้น
Note:อภินันทนาการ
2. วิทยาศาสตร์การแพทย์ และสุขภาพ
วิทยาศาสตร์การแพทย์ และสุขภาพ
WC528 ศ466ก ฉ.2 
  Barcode: 20443
ห้องสมุดวิทยาเขตนครสวรรค์
►หนังสือทั่วไป:l:General Books
บนชั้น
Note:อภินันทนาการ
3. วิทยาศาสตร์การแพทย์ และสุขภาพ
วิทยาศาสตร์การแพทย์ และสุขภาพ
WC528 ศ466ก ฉ.3 
  Barcode: 20444
ห้องสมุดวิทยาเขตนครสวรรค์
►หนังสือทั่วไป:l:General Books
บนชั้น
Note:อภินันทนาการ
4. วิทยาศาสตร์การแพทย์ และสุขภาพ
วิทยาศาสตร์การแพทย์ และสุขภาพ
WC528 ศ466ก ฉ.4 
  Barcode: 20445
ห้องสมุดวิทยาเขตนครสวรรค์
►หนังสือทั่วไป:l:General Books
บนชั้น
Note:อภินันทนาการ
5. วิทยาศาสตร์การแพทย์ และสุขภาพ
วิทยาศาสตร์การแพทย์ และสุขภาพ
WC528 ศ466ก ฉ.5 
  Barcode: 20446
ห้องสมุดวิทยาเขตนครสวรรค์
►หนังสือทั่วไป:l:General Books
บนชั้น
Note:อภินันทนาการ

BibComment


ยังไม่เคยถูกคอมเมนท์

คอมเมนท์ทรัพยากรรายการนี้
  คอมเมนท์: การวินิจฉัยและรั..


 Copyright 2026. Bcnsprnw @Library